Real-time embedded systems : (Record no. 22236)
[ view plain ]
| 000 -LEADER | |
|---|---|
| fixed length control field | 01812cam a22002895a 4500 |
| 001 - CONTROL NUMBER | |
| control field | 18338199 |
| 005 - DATE AND TIME OF LATEST TRANSACTION | |
| control field | 20201128023815.0 |
| 008 - FIXED-LENGTH DATA ELEMENTS--GENERAL INFORMATION | |
| fixed length control field | 141017s2015 maua fr 001 0 eng d |
| 020 ## - INTERNATIONAL STANDARD BOOK NUMBER | |
| International Standard Book Number | 9780128015070 |
| 040 ## - CATALOGING SOURCE | |
| Original cataloging agency | DLC |
| Language of cataloging | eng |
| Transcribing agency | DLC |
| Modifying agency | EG-ScBUE |
| 082 04 - DEWEY DECIMAL CLASSIFICATION NUMBER | |
| Edition number | 22 |
| Classification number | 005.1 |
| Item number | FAN |
| 100 1# - MAIN ENTRY--PERSONAL NAME | |
| Personal name | Fan, Xiaocong. |
| 9 (RLIN) | 40886 |
| 245 10 - TITLE STATEMENT | |
| Title | Real-time embedded systems : |
| Remainder of title | design principles and engineering practices / |
| Statement of responsibility, etc | Xiaocong Fan. |
| 260 ## - PUBLICATION, DISTRIBUTION, ETC. (IMPRINT) | |
| Place of publication, distribution, etc | Waltham : |
| Name of publisher, distributor, etc | Newnes / Elsevier, |
| Date of publication, distribution, etc | c.2015. |
| 300 ## - PHYSICAL DESCRIPTION | |
| Extent | xxiv, 662 p. : |
| Other physical details | ill. ; |
| Dimensions | 24 cm. |
| 500 ## - GENERAL NOTE | |
| General note | Index : p. 653-662. |
| 504 ## - BIBLIOGRAPHY, ETC. NOTE | |
| Bibliography, etc | Bibliography : p. 649-651. |
| 520 ## - SUMMARY, ETC. | |
| Summary, etc | This book integrates new ideas and topics from real time systems, embedded systems, and software engineering to give a complete picture of the whole process of developing software for real-time embedded applications. You will not only gain a thorough understanding of concepts related to microprocessors, interrupts, and system boot process, appreciating the importance of real-time modeling and scheduling, but you will also learn software engineering practices such as model documentation, model analysis, design patterns, and standard conformance. Features include: coverage of UML standard (UML 2.4); over 20 design patterns which represent the best practices for reuse in a wide range of real-time embedded systems; example codes which have been tested in QNX, a real-time operating system widely adopted in industry. |
| 590 ## - LOCAL NOTE (RLIN) | |
| Local note | SAMEH -- add Item |
| 650 #7 - SUBJECT ADDED ENTRY--TOPICAL TERM | |
| Topical term or geographic name as entry element | Computer software |
| General subdivision | Development. |
| Source of heading or term | BUEsh |
| 9 (RLIN) | 11535 |
| 650 #7 - SUBJECT ADDED ENTRY--TOPICAL TERM | |
| Topical term or geographic name as entry element | Real-time data processing. |
| Source of heading or term | BUEsh |
| 9 (RLIN) | 23169 |
| 650 #7 - SUBJECT ADDED ENTRY--TOPICAL TERM | |
| Topical term or geographic name as entry element | UML (Computer science). |
| 9 (RLIN) | 11902 |
| Source of heading or term | BUEsh |
| 650 #7 - SUBJECT ADDED ENTRY--TOPICAL TERM | |
| Topical term or geographic name as entry element | Embedded computer systems |
| General subdivision | Programming. |
| 9 (RLIN) | 2646 |
| Source of heading or term | BUEsh |
| 651 ## - SUBJECT ADDED ENTRY--GEOGRAPHIC NAME | |
| Source of heading or term | BUEsh |
| 653 ## - INDEX TERM--UNCONTROLLED | |
| Resource For college | Informatics and Computer Science |
| Arrived date list | August 2016 |
| -- | November2016 |
| 942 ## - ADDED ENTRY ELEMENTS (KOHA) | |
| Source of classification or shelving scheme | Dewey Decimal Classification |
| Edition | 22 |
| Call number prefix | 005.1 FAN |
| Withdrawn status | Item status | Source of classification or shelving scheme | Damaged status | Not for loan | Vendor | Home library | Current library | Shelving location | Date acquired | Source of acquisition | Cost, normal purchase price | Serial Enumeration / chronology | Total Checkouts | Total Renewals | Full call number | Barcode | Date last seen | Date last borrowed | Cost, replacement price | Koha item type |
|---|---|---|---|---|---|---|---|---|---|---|---|---|---|---|---|---|---|---|---|---|
| Dewey Decimal Classification | Academic Bookshop | Central Library | Central Library | Lower Floor | 25/08/2016 | Purchase | 773.00 | 9156 | 2 | 43 | 005.1 FAN | 000033182 | 15/07/2025 | 08/11/2020 | 966.25 | Book - Borrowing | ||||
| Dewey Decimal Classification | Baccah | Central Library | Central Library | Lower Floor | 08/11/2016 | Purchase | 680.00 | 3653 | 005.1 FAN | 000034257 | 15/07/2025 | 850.00 | Book - Borrowing |